000 00446nam a22001817a 4500
003 OSt
005 20220221094000.0
008 220221b |||||||| |||| 00| 0 eng d
020 _a0784404895
040 _cHU
082 _a658.404
100 _aWalesh G. Stuart
_930939
245 _aEngineering Your Future .The Non- Technical Side Of Professional.......
250 _a2ed
260 _aUSA
_bUSA
300 _f496
942 _2ddc
_cBOOKS
_n0
999 _c30933
_d30933